00464 2200181 4500001002100000005001500021008004100036020001800077035001900095041000700114082000800121090001400129100001700143245001300160260005900173300002800232650002200260INLIS00000000000465320241224112943241224||||||||| | ||| |||| || |  a0-02-183225-0 0010-1224004653 aen0 a823 a823 ALE a0 aAlex Simmons00aHannibal bMachmillan/McGraw-Hill School Publishing Companyc1998 a8 hlm. : ilus, ; 27 cm. 0aIlmu Kesusastraan